| 000 | 00914nam a2200265 i 4500 | ||
|---|---|---|---|
| 003 | DO-SdBNP | ||
| 005 | 20231109100912.0 | ||
| 007 | ta | ||
| 008 | 231109b2019 dr abc|| |||| 00| 0 spa d | ||
| 020 | _a9789945805673 | ||
| 040 |
_aDO-SdBNP _bspa _cBNPHU _erda |
||
| 082 | 4 | _222 | |
| 100 |
_aGuiliani Disla, Miguel Ángel, _eautor _984609 |
||
| 245 | 1 | 0 |
_aVilla Altagracia : _bpasado y presente / _cMiguel Ángel Guiliani Disla ; corrección, Oquendo Medina |
| 264 |
_aSanto Domingo : _bMediabyte, _c2019. |
||
| 300 |
_a726 páginas : _bilustraciones, mapas, retratos ; _c25 cm. |
||
| 336 |
_2rdacontent _atexto _btxt |
||
| 337 |
_2rdamedia _asin mediación _bn |
||
| 338 |
_2rdacarrier _avolumen _bnc |
||
| 500 | _aIncluye datos biográficos del autor en la solapa de la cubierta | ||
| 590 | _aINventariado, 2023/BT | ||
| 700 | 1 |
_aMedina, Oquendo, _ecorrección _984610 |
|
| 910 | _aBtavárez | ||
| 942 |
_2ddc _cLBS1 |
||
| 999 |
_c55439 _d55439 |
||